Tanrı'ya giden kestirme yollar (Record no. 3576)

MARC details
000 -BAŞLIK
Sabit Uzunlukta Kontrol Alanı 00803na a2200277 4500
001 - KONTROL NUMARASI
Denetim Alanı 12874
003 - KONTROL NUMARASI IDENTIFIER
Denetim Alanı MIRAKIL
005 - SON İŞLEM TARİHİ VE ZAMANI
Denetim Alanı 20181213154936.0
008 - SABİT-BOY VERİ ELEMANLARI - GENEL BİLGİLER
Sabit Uzunlukta Kontrol Alanı 160927b tu 000 0
020 ## - ULUSLARARASI STANDART KİTAP NUMARASI
Uluslararası Standart Kitap Numarası 9757800643
035 ## - SİSTEM KONTROL NUMARASI
Sistem Kontrol Numarası 12874
040 ## - KATALOGLAMA KAYNAK
Orijinal Kataloglama Ajansı Milas
Kataloglama Dili tur
Metne Dönüştürmek Ajansı TR-AnCHP
082 ## - DEWEY ONLU SINIFLANDIRMA NUMARASI
Sınıflandırma Numarası 291.42
Ürün Numarası J25t 2001
090 ## - SINIFLAMA NUMARASI
Sınıflama Numarası 291.42 J25t 2001
100 ## - ANA GİRİŞ - KİŞİSEL İSİM
Kişisel Ad Jampolsky, Gerald
245 ## - BAŞLIK TABLOSU
Başlık Tanrı'ya giden kestirme yollar
Sorumluluk Tablosu, Vb Gerald Jampolsky ; Türkçesi Ayşe Dodanlı, Levent Kartal
246 ## - UNVAN FORM VARYING
Başlık Doğru / Kısa Başlığı Tanrıya giden kestirme yollar
260 ## - YAYIN, DAĞITIM, VB
Yayın, Dağıtım, Vb Yeri İstanbul
Yayıncı, Dağıtıcı, Vs Adı Dharma Yayınları
Yayın, Dağıtım, Vb Tarihi 2001
300 ## - FİZİKSEL TANIM
Kapsam 182 s.
Diğer Fiziksel Ayrıntıları res.
Boyutlar 20 sm.
650 ## - KONU KATMA GİRİŞ - TOPİKAL DÖNEM
Topikal Süreli Veya Coğrafi Ad Giriş Elemanı Tanrı inancı
650 ## - KONU KATMA GİRİŞ - TOPİKAL DÖNEM
Topikal Süreli Veya Coğrafi Ad Giriş Elemanı İman etmek
650 ## - KONU KATMA GİRİŞ - TOPİKAL DÖNEM
Topikal Süreli Veya Coğrafi Ad Giriş Elemanı Dinsel yaşam
Kronolojik Alt Bölümü Aydınlanma dönemi
700 ## - KATMA GİRİŞ - KİŞİSEL İSİM
Kişisel Ad Kartal, Levent
700 ## - KATMA GİRİŞ - KİŞİSEL İSİM
Kişisel Ad Dodanlı, Ayşe
942 ## - EKLENDİ GİRİŞ ELEMANLARI (KOHA)
Sınıflandırma Veya Raf Düzeni Kaynak
Koha Öğesi Türü Books
999 ## - SİSTEM KONTROL NUMARALARI (KOHA)
Koha Biblionumber 3576
Koha Biblioitemnumber 3576
Holdings
Kalıcı Konum Mevcut Konum Edinme Tarihi Edinim Kaynak Toplam Check-Out'Lar Tam Çağrı Numarası Barkod Tarih Son Görülme İtibaren Geçerli Fiyatlar Koha Öğesi Türü
CHP Kütüphanesi CHP Kütüphanesi 08/03/2016 Bağış   291.42 J25t 2001 000578 08/03/2016 08/03/2016 Books